MARC

LEADER 00000nam0a2200000 4500
001 33324
005 20231101210146.0
035 |a (RuTPU)RU\TPU\book\33657 
035 |a BOOK00000308 
090 |a 33324 
100 |a 20011210d1983 m y0rusy50 ca 
101 0 |a rus 
102 |a RU 
105 |a a j 000zy 
200 1 |a Задачник по машиностроительному черчению  |e учебное пособие  |f Б. Л. Степанов [и др.] 
210 |a Москва  |c Машиностроение  |d 1983 
215 |a 64 с.  |c ил 
606 |a Машиностроительное черчение  |2 stltpush  |3 (RuTPU)RU\TPU\subj\41536  |9 61326 
610 1 |a задачники 
610 1 |a учебные пособия 
675 |a 744:621(076)  |v 3 
701 1 |a Степанов  |b Б. Л.  |g Борис Леонидович 
701 1 |a Тихонова  |b Н. Н.  |g Нина Николаевна 
701 1 |a Трунова  |b А. Н.  |g Алла Николаевна 
701 1 |a Чахлова  |b Н. Н.  |g Надежда Николаевна 
801 0 |a RU  |b 63413507  |c 20011210  |g PSBO 
801 2 |a RU  |b 63413507  |c 20201028  |g PSBO 
900 |a Машинная графика 
900 |a Инженерная графика 
942 |c BK